Statistics for County Seats Of South Carolina

Click here to take the quiz!

General Stats

  • This quiz has been taken 20 times
  • The average score is 24 of 46

Answer Stats

CountySeat% Correct
RichlandColumbia
89%
_________Greenville
89%
________Beaufort
78%
_________Charleston
78%
_____Aiken
67%
________Anderson
67%
______Chester
67%
___________Chesterfield
67%
______Dillon
67%
________Florence
67%
__________Georgetown
67%
BerkeleyMoncks Corner
67%
____York
67%
_________Abbeville
56%
________Barnwell
56%
KershawCamden
56%
__________Darlington
56%
CherokeeGaffney
56%
_________Greenwood
56%
_______Hampton
56%
_________Lexington
56%
_________McCormick
56%
__________Orangeburg
56%
___________Spartanburg
56%
______Sumter
56%
ColletonWalterboro
56%
_______Bamberg
44%
LeeBishopville
44%
_________Edgefield
44%
ClarendonManning
44%
________Newberry
44%
_______Pickens
44%
JasperRidgeland
44%
______Saluda
44%
DorchesterSt. George
44%
_____Union
44%
OconeeWalhalla
44%
_________Allendale
33%
MarlboroBennettsville
33%
HorryConway
33%
WilliamsburgKingstree
33%
_________Lancaster
33%
_______Laurens
33%
______Marion
33%
CalhounSt. Matthews
33%
FairfieldWinnsboro
33%

Score Distribution

Percentile by Number Answered

Percent of People with Each Score

Your Score History

You have not taken this quiz